| 000 | 00504nam a22001577u 4500 | ||
|---|---|---|---|
| 008 | 130405s1962 xxu||||| |||| 00| 0 spa d | ||
| 017 | _aSA-101-1958 | ||
| 041 | _aspa | ||
| 100 | 1 |
_aRey, Juan _926165 |
|
| 245 | 0 | 0 |
_aLuz II: Meditaciones para todos los días del año siguiendo el ciclo litúrgico _b:Desde pentecostés hasta el final del año litúrgico _cJuan Rey |
| 250 | _a5ª ed. | ||
| 260 |
_aSantander: _bEditorial Sal Terrae, _c1962 |
||
| 300 |
_a1163 p. _c;18 cm. |
||
| 942 | _cBK | ||
| 001 | 92218 | ||
| 999 |
_c249206 _d249206 |
||